| 000 | 00813cab a22001935a 4500 | ||
|---|---|---|---|
| 001 | L147368 | ||
| 008 | 090506e20090501xxkad f s 000 0 eng d | ||
| 035 | _a(Sirsi) u147368 | ||
| 041 | 0 | _aeng | |
| 100 | 1 | _aShah, Aditi | |
| 245 | 0 | 0 |
_aRegional report _bSouth Wales |
| 260 | _c2009 | ||
| 490 | 0 |
_aProperty Week _v75(18) 1 May 2009, 64-70(5) |
|
| 520 | _aReports on news and deals from around the region. Reveals that St David's 2 town centre retail scheme will put Cardiff on the map when it opens, but that it is still half empty. Forecasts that rents in Cardiff's office sector are set to remain stagnant rather than collapse. Reports on the largest regeneration site in Wales. | ||
| 590 | _aKA | ||
| 651 | 4 |
_aWales _y2007- |
|
| 690 | _aPROPERTY-COMMERCIAL PROPERTY-COMMERCIAL PROPERTY MARKET | ||
| 942 | _n0 | ||
| 999 |
_c81514 _d81514 |
||